QUEST Central Library Banner

History of Economic Thought: full view at a glance (Record no. 9576)

MARC details
000 -LEADER
fixed length control field 00384nam a2200133 a 4500
100 1# - MAIN ENTRY--AUTHOR NAME
Personal name Sachdeva, T. N.
245 10 - TITLE STATEMENT
Title History of Economic Thought: full view at a glance
250 ## - EDITION STATEMENT
Edition statement 5th edition
260 ## - PUBLICATION, DISTRIBUTION, ETC. (IMPRINT)
Place of publication [S.l.] :
Name of publisher Sudha Publications,
Year of publication 1973.
300 ## - PHYSICAL DESCRIPTION
Number of Pages 430 p.
650 ## - SUBJECT ADDED ENTRY--TOPICAL TERM
Topical Term Economics
856 40 - ELECTRONIC LOCATION AND ACCESS
Uniform Resource Identifier http://www.amazon.com/exec/obidos/ASIN/B0007BPZP2/chopaconline-20
942 ## - ADDED ENTRY ELEMENTS (KOHA)
Koha item type Books
Holdings
Withdrawn status Lost status Home library Current library Date acquired Full call number Accession Number Koha item type Collection code Shelving location Cost, normal purchase price
    Central Library, QUEST, Nawabshah Central Library, QUEST, Nawabshah 08/09/2014 330.9SAC 17703 Books      
    Reference Section Reference Section 15/01/2015 330.9 SAC (Shelf - 21E) 6200 Books Reference Reference 21.00

Copyright © 2018,The QUEST, Nawabshah, Shaheed Benazirabad. All rights reserved
Mr. G. Farooq Channar (Librarian) QUEST, Nawabshah, Sindh, Pakistan 67480.
 Ph#: |   0244-9370381-4 Ext. 2308   Email| lib@quest.edu.pk   Web|  http://www.quest.edu.pk